Aula revue pro vysokoškolskou a vědní politiku

Salvato in:
Dettagli Bibliografici
Natura: Periodico
Lingua:ceco
Pubblicazione: Praha Centrum pro studium vysokého školství ČR 1997
Soggetti:
Tags: Aggiungi Tag
Nessun Tag, puoi essere il primo ad aggiungerne!!

MARC

LEADER 00000nas2a2200000 4500
001 s121210
005 20221221065601.8
022 |a 1210-6658 
041 0 |a cze 
044 |a CZ 
245 1 0 |a Aula  |b revue pro vysokoškolskou a vědní politiku 
264 1 |a Praha  |b Centrum pro studium vysokého školství ČR  |c 1997 
300 |a 1 zv.  |e obsah 
773 0 |w eu_un_cat*s120547 
610 2 0 |a školy vysoké 
610 2 0 |a politika školská 
610 2 0 |a politika vedecká